|
|
|
|
| LEADER |
00000nab a2200000 a 4500 |
| 001 |
vtls000837951 |
| 003 |
SK-MaSNL |
| 005 |
20260302163519.0 |
| 008 |
160324c2003 xo 0 slo |
| 015 |
|
|
|a SNBRB2003/06-17536
|
| 035 |
|
|
|a CLN000189606
|
| 040 |
|
|
|a SNKBUCL
|b slo
|c SNKBUCL
|e AACR2
|
| 041 |
0 |
|
|a slo
|
| 044 |
|
|
|a xo
|c SK
|
| 080 |
|
|
|a 616.211-002
|2 1997
|
| 080 |
|
|
|a 615.218
|2 1997
|
| 100 |
1 |
|
|a Výžinkárová, Dada
|4 ain
|9 494735
|
| 245 |
1 |
0 |
|a Peľový poplach
|c Dada Výžinkárová, Iveta Salátová-Kozlovská
|
| 300 |
|
|
|b Fotogr., graf
|
| 650 |
0 |
7 |
|a alergická nádcha
|2 snkbucl
|9 29465
|
| 650 |
0 |
7 |
|a antihistaminiká
|2 snkbucl
|9 14096
|
| 655 |
|
7 |
|a články z novín a časopisov
|2 snkbucl
|9 267496
|
| 700 |
1 |
|
|a Salátová-Kozlovská, Iveta
|4 aut
|4 uin
|9 864964
|
| 773 |
0 |
|
|x 0044-1953
|t Zdravie
|g Roč. 59, č. 5 (2003), s. 54-55
|
| 850 |
|
|
|a Slovenská národná knižnica v Martine
|
| 852 |
|
|
|a SNK
|b KIS3GCP
|
| 958 |
|
|
|a MI
|
| 958 |
|
|
|a RBX
|
| 999 |
|
|
|c 1383621
|d 1385551
|